[Event "Mexican op 54th"]
[Site "Aguascalientes"]
[Date "2008.03.20"]
[Round "3"]
[White "Borges Matos, Juan R"]
[Black "Pina Perez, Omar"]
[Result "1-0"]
[WhiteElo "2448"]
[BlackElo "1949"]
[PlyCount "85"]
[EventDate "2008.03.18"]
[EventType "swiss"]
[EventRounds "9"]
[EventCountry "MEX"]
[SourceTitle "CBM 123 Extra"]
[Source "ChessBase"]
[SourceDate "2008.05.06"]
[SourceVersion "1"]
[SourceVersionDate "2008.05.06"]
[SourceQuality "1"]

1. Nf3 g6 2. c4 Bg7 3. d4 Nf6 4. Nc3 0-0 5. Bf4 d6 6. h3 c6 7. e3 Nbd7 8. Be2 Re8 9. 0-0 Qa5 10. Qc2 e5 11. Bh2 exd4 12. Nxd4 Nc5 13. Bf3 Ne6 14. Rfd1 Ng5 15. Bxd6 Nxf3+ 16. Nxf3 Bf5 17. Qb3 Ne4 18. Bb4 Qb6 19. Nxe4 Bxe4 20. Bc3 Qxb3 21. axb3 Bxc3 22. bxc3 Bxf3 23. gxf3 Re7 24. c5 a6 25. b4 Rc8 26. Rd6 Kg7 27. Kg2 f6 28. f4 Rce8 29. Kf3 Kf7 30. Rad1 Kg7 31. Rd7 Kf7 32. e4 Ke6 33. R1d6+ Kf7 34. Ke3 h6 35. h4 f5 36. e5 Rg8 37. Kd4 h5 38. e6+ Kf6 39. Rxe7 Kxe7 40. Ke5 Rb8 41. Rd7+ Ke8 42. Kf6 Kf8 43. Rf7+ 1-0